2930-三田市(兵庫県)の駅 - Statistics

General Stats
  • This quiz has been taken 22 times
  • The average score is 9 of 10
Answer Stats
Answer % Correct
三田
100%
新三田
100%
ウッディタウン中央
100%
横山
94%
フラワータウン
94%
三田本町
89%
南ウッディタウン
89%
相野
83%
広野
78%
藍本
78%
No matching quizzes found
Score Distribution
Percent of People with Each Score
Percentile by Number Answered
Your Score History
You have not taken this quiz